Islamic Country Flags - Statistics

General Stats
  • This quiz has been taken 189 times
    186 since last reset
  • The average score is 11 of 15
Answer Stats
Picture Answer % Correct
Bangladesh
93%
Iran
90%
Lebanon
84%
Jordan
82%
Malaysia
81%
Somalia
81%
Yemen
78%
Kazakhstan
72%
Azerbaijan
70%
Bahrain
70%
Bosnia and Herzegovina
69%
Brunei
64%
Mauritania
62%
Chad
60%
Gambia
47%
No matching quizzes found
Score Distribution
Percent of People with Each Score
Percentile by Number Answered
Your Score History
You have not taken this quiz since the last reset